| 000 | 01117nam a22002537a 4500 | ||
|---|---|---|---|
| 999 |
_c2098 _d2098 |
||
| 003 | AR-CdUCM | ||
| 008 | 190304b ||||| |||| 00| 0 spa d | ||
| 040 |
_aMUNICIPALIDAD PROVINCIAL DEL CUSCO _cBIBLIOTECA MUNICIPAL DEL CUSCO |
||
| 082 |
_a301.34098527 / _bC46 |
||
| 100 |
_aCelestino, Olinda _97586 |
||
| 245 |
_aMigración y cambio estructural : _bla comunidad de Lampián / |
||
| 260 |
_aLima : _b Instituto de Estudios Peruanos, _c1972. |
||
| 300 |
_a107 páginas ; _c20.5 cm. |
||
| 440 |
_aProyecto de Estudios Etnológicos del Valle de Chancay. _n : Monografía N° 2 _97587 |
||
| 500 | _aDirección: José Matos Mar. | ||
| 505 | _aContenido: Quiebra de la estructura tradicional -- Cambios en la estructura comunal -- Los innovadores -- La nueva estructura social ... | ||
| 650 |
_aMigración interna -- Valle de Chancay -- Perú _97588 |
||
| 650 |
_aComunidad de Lampian - Lima _97589 |
||
| 650 |
_aCondiciones económicas - Lampian _97590 |
||
| 650 |
_aCondiciones sociales - Lampian _97591 |
||
| 700 |
_aMatos Mar, José (Dirección) _97303 |
||
| 942 |
_2ddc _cLIBROS |
||
| 945 |
_alccs _d2019-03-04 |
||